| 000 | 00982nas a2200313 4500 | ||
|---|---|---|---|
| 001 | BR2014002186 | ||
| 003 | BR-BrBNA | ||
| 005 | 20231205123858.0 | ||
| 007 | ta | ||
| 008 | 230509b bl.|||p| |||| 00| 00por d | ||
| 040 |
_aBR-BrBNA _bpor _cBiblioteca Nacional de Agricultura |
||
| 041 | _a(En) | ||
| 072 | _aL20; L01; L10 | ||
| 100 | 1 | _aVargas Junior, F.M. de | |
| 100 | 1 | _aWechsler, F.S. | |
| 100 | 1 | _aRossi, P. | |
| 100 | 1 | _aOliveira, M.V.M. de | |
| 100 | 1 | _aSchmidt, P. | |
| 245 | 1 | _aIngestive behavior of Nellore cows and their straightbred or crossbred calves | |
| 650 | _aGADO NELORE | ||
| 650 | _aGENÉTICA ANIMAL | ||
| 650 | _aCOMPORTAMENTO ANIMAL | ||
| 650 | _aCRUZAMENTO | ||
| 650 | _aRUMINAÇÃO | ||
| 773 | 0 |
_tRevista Brasileira de Zootecnia (Brazil) _xISSN 1806-9290 _g(Mar 2010), v. 39(3) p. 648-655 _wBR2014002186 |
|
| 856 | 4 | 0 | _uhttp://www.scielo.br/pdf/rbz/v39n3/a26v39n3.pdf |
| 909 |
_a202311 _bLúcia _c55 _dLúcia Elande |
||
| 942 |
_2AGRIS _n0 _cANA |
||
| 999 |
_c236166 _d236166 |
||